Rang Lahrayan Roshnai / (Record no. 526109)
[ view plain ]
| 000 -LEADER | |
|---|---|
| fixed length control field | 00486nam a22001817a 4500 |
| 003 - CONTROL NUMBER IDENTIFIER | |
| control field | NUST |
| 005 - DATE AND TIME OF LATEST TRANSACTION | |
| control field | 20190708104650.0 |
| 038 ## - RECORD CONTENT LICENSOR | |
| Staff Name | Waseem |
| 082 ## - DEWEY DECIMAL CLASSIFICATION NUMBER | |
| Classification number | 891.4911 |
| Author Mark | ASR |
| 100 ## - MAIN ENTRY--PERSONAL NAME | |
| Personal name | Asri, Nadam |
| 9 (RLIN) | 15002 |
| 245 ## - TITLE STATEMENT | |
| Title | Rang Lahrayan Roshnai / |
| Statement of responsibility, etc. | Nadam Asri |
| 260 ## - PUBLICATION, DISTRIBUTION, ETC. | |
| Place of publication, distribution, etc. | Lahore : |
| Name of publisher, distributor, etc. | Oxford & Cambridg Publisher, |
| Date of publication, distribution, etc. | 1983. |
| 300 ## - PHYSICAL DESCRIPTION | |
| Extent | 128 p. : |
| 500 ## - GENERAL NOTE | |
| General note | Paper cover. |
| 880 ## - ALTERNATE GRAPHIC REPRESENTATION | |
| Linkage | 100-01\r |
| Title | نادم عصری |
| 880 ## - ALTERNATE GRAPHIC REPRESENTATION | |
| Linkage | 245-02\r |
| Title | رنگ لہراں رشنائی / |
| 942 ## - ADDED ENTRY ELEMENTS (KOHA) | |
| Source of classification or shelving scheme | |
| Koha item type | Book |
| Withdrawn status | Lost status | Source of classification or shelving scheme | Damaged status | Not for loan | Permanent Location | Current Location | Date acquired | Total Checkouts | Full call number | Barcode | Date last seen | Price effective from | Koha item type |
|---|---|---|---|---|---|---|---|---|---|---|---|---|---|
| Central Library (CL) | Central Library (CL) | 07/08/2019 | 891.4911 ASR | CL-E-895 | 07/08/2019 | 07/08/2019 | Book |
